00519 a2200169 4500008004100000010001400041020002300055035001300078037001800091082000800109100001900117245006300136260003500199270006800234300002800302650001900330080820t xxu||||| |||| 00| 0 eng d aENG-84944 a8122007252c175.00 aEN-68477 bD.B.Act / Pub a881 aMohankumar, M. aThe Diwan's discomfiture and other poemscby M. Mohankumar aDelhibKonark Publishersc2007 aA-149, Main Vikas MargbDelhicDelhie110092mkppl23@bol.net.in aviii, 62 p.c22 cm (Hb) aEnglish poetry